| 000 | 00717nam a22002297a 4500 | ||
|---|---|---|---|
| 003 | 0 | ||
| 005 | 20250506161117.0 | ||
| 008 | 250506b xxu||||| |||| 00| 0 eng d | ||
| 020 | _a9786214271337 | ||
| 050 |
_aHG 4026 _b.F897 2023 |
||
| 100 | _aFrias, Solita | ||
| 245 |
_aTextbook in business finance _cSolita Frias |
||
| 250 | _aThird edition | ||
| 260 |
_aManila _bUnlimited Books Library Services & Publishing Inc. _c2023 |
||
| 300 |
_axiv, 198 pages ; _c26cm. |
||
| 504 | _aIncludes bibliographical references. | ||
| 650 | _aBusiness enterprises—Finance. | ||
| 650 | _aFinancial management--Philippines. | ||
| 650 | _aCorporations—Finance. | ||
| 650 | _aCapital budgeting. | ||
| 942 |
_2lcc _cBK |
||
| 999 |
_c367455 _d367455 |
||